00765nam a2200241 a 4500001001300000003000900013005001700022008004100039020002300080082001900103100001600122245008700138260004300225300000900268500003500277505001000312650002100322700001600343902000800359942000700367952013200374999001700506nice12345678IN_TiNIC20260116014022.0120809s2009 lona grp 000 0 eng  a9780415550710c89500a323.30954bGHO aGhosh, Lipi aPolitical Governance and Minority Rightsb The South and South-East Asian Scenario aLondon bRoutledge Chapman Hall c2009 a349p aincludes index and biblioraphy2 aIndex aMinorities-India1 aGhosh, Lipi bSRS cBK 001040708StackRoom-aHMIbHMId2012-08-09g895.00l1o323.30954 GHOp023848r2017-09-13s2017-08-24v895.00w2012-08-09yBK c13525d13525